00705nam a2200217 a 4500001001000000003000900010005001700019007000300036008004100039020001500080040002500095082002100120100003700141245005700178260005500235300002800290650001300318650003300331650003900364651008400403000024403DO-SdBNP20240925085246.0ta110113s1978 dr a 001 0 spa d a848401018X aDO-SdBNPbspacBNPHU a970.1bT231t2221 aTavares K., Juan Tomás,d1953-14aThe indians of hispaniola /cJuan Tomás Tavares K. aSanto Domingo :bEditora de Santo Domingo,,c1978. a64 P. :bil.. ;c26 cm. 4aTaínos 4aIndígenas de santo domingo 4aTaínosxVida social y costumbres 0aRepública Dominicana --xHistoria -- yDescubrimiento y conquista, 1492-1503